00705cam a2200229 i 4500003000900000005001700009007000300026008004100029020001500070040003000085082002800115100004100143245004200184264004400226300002600270336002700296337003300323338002800356500004500384650002200429650002400451DO-SdBNP20240916103509.0ta240916s1960 sp 000 f spa d a847148157x aDO-SdBNPbspacBNPHUerda a851.1bA411divin, 2221 aAlighieri, Dante,d1265-1321.eautor13aLa Divina Comedia /cDante Alighieri  aEspaña :bTxertoa ediciones,c[1960]. a503 páginasc21 cm. atextobtxt2rdacontent asin mediaciónbn2rdamedia avolumenbnc2rdacarrier aIncluye referencias a pie de páginas.  4aPoesía italiana 4aLiteratura italiana